| 000 | 02773cam a2200373 a 4500 | ||
|---|---|---|---|
| 001 | 16290288 | ||
| 005 | 20150126153551.0 | ||
| 008 | 100616r20111992moua b 001 0 eng | ||
| 010 | _a 2010025666 | ||
| 020 | _a9789814371360 | ||
| 020 | _a9780323073516 | ||
| 035 | _a(DNLM)101533439 | ||
| 040 |
_aDNLM/DLC _cDLC _dDLC |
||
| 042 | _apcc | ||
| 050 | 0 | 0 |
_aR 898 _b.In57 2013 |
| 060 | 1 | 0 |
_aWN 160 _bI62 2011 |
| 082 | 0 | 0 | _a610/.28 |
| 245 | 0 | 0 |
_aIntroduction to radiologic technology / _c[edited by] LaVerne Tolley Gurley, William J. Callaway ; [contributors: Nancy S. Adams...[et al.]. |
| 250 | _a7th ed. | ||
| 260 |
_aMaryland Heights, MO : _bElsevier/Mosby, _cc2013. |
||
| 300 |
_axii, 287 pages : _billustrations (some colored) ; _c24 cm. |
||
| 504 | _aIncludes bibliographical references and index. | ||
| 505 | 0 | _aIntroduction to quality customer service / William J. Callaway -- Becoming a better student / LaVerne Tolley Gurley -- Critical thinking skills / LaVerne Tolley Gurley -- Evolution of health care delivery / William J. Callaway -- Radiology : a historic perspective / LaVerne Tolley Gurley -- Radiography education : from classroom to clinic / LaVerne Tolley Gurley -- The language of medicine / William J. Callaway -- Imaging equipment / William J. Callaway -- Radiographic examinations : diagnosing disease and injury / William J. Callaway -- Imaging : conventional and digital / LaVerne Tolley Gurley -- Ethics and professionalism in radiologic technology / James Ohnysty -- Knowing your patient / LaVerne Tolley Gurley -- Patient care and management / Penny S. Mays -- Medicolegal considerations / Russell A. Tolley -- Organization and operation of the radiology department / Penny S. Mays -- | |
| 505 | 0 | _aEconomics of radiology / LaVerne Tolley Gurley -- Quality assurance in radiology / Nancy Adams -- Radiation safety and protective measures / LaVerne Tolley Gurley -- Allied health professions / LaVerne Tolley Gurley -- The American Registry of Radiologic Technologists / Neta B. McKnight -- The Joint Review Committee on Education in Radiologic Technology / Joanne S. Greathouse -- Professional associations / William J. Callaway -- Specialization in radiologic technology / Peggy D. Franklin -- Professional development and career advancement / Carole South-Winter -- Continuing education for the radiologic technologist / Barbara A. Burnham-Rupp. | |
| 521 | _aRadiologist | ||
| 650 | 0 |
_aMedical radiology _xVocational guidance. |
|
| 650 | 0 | _aRadiologic technologists. | |
| 650 | 1 | 2 | _aTechnology, Radiologic. |
| 700 | 1 |
_aGurley, Laverne Tolley, _d1918- |
|
| 700 | 1 |
_aCallaway, William J. _q(William Joseph), _d1951- |
|
| 906 |
_a7 _bcbc _corignew _d1 _eecip _f20 _gy-gencatlg |
||
| 942 |
_2lcc _cBK |
||
| 999 |
_c277676 _d277676 |
||